Central Library OPAC University of Rajshahi

Introduction to algorithms / (Record no. 65903)

MARC details
000 -LEADER
fixed length control field 00835nam a2200253 a 4500
001 - CONTROL NUMBER
control field 65903
003 - CONTROL NUMBER IDENTIFIER
rucl marc code BD-RjUL
005 - DATE AND TIME OF LATEST TRANSACTION
control field 20211209081500.0
008 - FIXED-LENGTH DATA ELEMENTS--GENERAL INFORMATION
fixed length control field 170313r20122009ii a b 001 0 eng
020 ## - INTERNATIONAL STANDARD BOOK NUMBER
International Standard Book Number 9788120340077
035 ## - SYSTEM CONTROL NUMBER
System control number (BD-RjUL)66033
040 ## - CATALOGING SOURCE
Original cataloging agency DLC
Transcribing agency DLC
Modifying agency BTCTA
-- YDXCP
-- UKM
-- C#P
-- BWX
-- CDX
-- NLGGC
-- CUV
-- DLC
-- BD-RjUL
Language of cataloging eng
041 ## - LANGUAGE CODE
Language code of text/sound track or separate title eng
082 00 - DEWEY DECIMAL CLASSIFICATION NUMBER
Edition number 23
Classification number 005.1
Author mark and year INT 2012
245 00 - TITLE STATEMENT
Title Introduction to algorithms /
Statement of responsibility, etc. Thomas H. Cormen ... [et al.].
250 ## - EDITION STATEMENT
Edition statement 3rd ed.
260 ## - PUBLICATION, DISTRIBUTION, ETC. (IMPRINT)
Place of publication, distribution, etc. New Delhi :
Name of publisher, distributor, etc. PHI learning,
Date of publication, distribution, etc. c2009 [reprinted 2012].
300 ## - PHYSICAL DESCRIPTION
Pagination xix, 1292 p. :
Illustrations ill. ;
Size 24 cm.
504 ## - BIBLIOGRAPHY, ETC. NOTE
Bibliography, etc Includes bibliographical references (p. [1231]-1249) and index.
650 #0 - SUBJECT ADDED ENTRY--TOPICAL TERM
Topical term or geographic name as entry element Computer programming.
9 (RLIN) 194659
Topical term or geographic name as entry element Computer algorithms.
9 (RLIN) 194891
700 1# - ADDED ENTRY--PERSONAL NAME
Personal name Cormen, Thomas H.
942 ## - ADDED ENTRY ELEMENTS (KOHA)
Source of classification or shelving scheme Dewey Decimal Classification
Koha item type Books
Holdings
Lost status Source of classification or shelving scheme Damaged status Not for loan Collection code Permanent Location Current Location Shelving location Date acquired Source of acquisition Cost, normal purchase price Total Checkouts Full call number Date last seen Copy number Koha item type
  Dewey Decimal Classification   Not For Loan Non-fiction Central Library, University of Rajshahi Central Library, University of Rajshahi Reading Room 23/06/2013 Dhaka, Associated Business Corporation 685.00   005.1 INT 2012 13/03/2017 C-1 Books